Countries That Produce The Most - Statistics

General Stats
  • This quiz has been taken 154 times
  • The average score is 11 of 14
Answer Stats
Export Value (In U.S Dollars) Top Export Country % Correct
$2,591,120,000,000 Broadcasting Equipment China
100%
$1,431,164,000,000 Refined Petroleum United States
99%
$641,380,000,000 Cars Japan
98%
$1,380,000,000,000 Cars Germany
97%
$488,350,000,000 Aircraft/Spacecraft France
94%
$390,670,000,000 Crude Petroleum Canada
88%
$496,110,000,000 Packaged Medicaments Italy
86%
$403,320,000,000 Cars United Kingdom
86%
$512,500,000,000 Integrated Circuits South Korea
85%
$417,670,000,000 Cars Mexico
80%
$347,190,000,000 Integrated Circuits Taiwan
63%
$674,480,000,000 Refined Petroleum Netherlands
60%
$419,340,000,000 Cars Belgium
44%
$362,530,000,000 Integrated Circuits Singapore
44%
No matching quizzes found
Score Distribution
Percent of People with Each Score
Percentile by Number Answered
Your Score History
You have not taken this quiz